1412 1263 1813 1580 1171 1108 1307 1201 1043 1548 1170 1823 1594 1521 1038 1488 1269 1516 1634 1919 1662 1775 1577 1096 1129 1543 1546 1996 1029 1748 1830 1518 1988 1179 1130 1426 1125 1762 1176 1323 1502 1606 1231 1187 1117 1329 1172 1045 1882 1781 1323 1804 1407 1151 1423 1890 1340 1973 1096 1833 1096 1161 1010 1427 1432 1904 1415 1203 1273 1405 1829 1621 1790 1741 1755 1100 1737 1118 1469 1639 1754 1656 1250 1991 1213 1219 1691 1211 1435 1367 1527 1039 1730 1009 1704 1099 1190 1626 1614 BCNSPRNW ULIB Ver.6.0+V

เปลี่ยนเป็นภาษาไทย

Change to English
 แสดงรายละเอียดบรรณานุกรม
  กลับหน้าหลัก

Brief Record : Get Marc (ISO 2709) : E-mail record : QR code < ปิดหน้าต่าง
LEADER : 00000nam 2200000uu 4500
001    13399128247
003     ULIB
008    220822s2557||||th 000 0 tha d
020    ^a9786162997013 (ล.3)
050  0 ^aนว^bก947ล^cล.3
100 0  ^aโก้วเล้ง
245 10 ^aลูกปลาน้อยเซียวฮื้อยี้ เล่ม 3. /^cโก้วเล้ง, เขียน ; น.นพรัตน์, แปล
246 30 ^aเซียวฮื้อยี้
250    ^aพิมพ์ครั้งที่ 1
260    ^aกรุงเทพฯ :^bสยามอินเตอร์บุ๊ค,^c2557
300    ^a6 เล่ม ;^c21 ซม.
650  4 ^aนวนิยายจีนกำลังภายใน
650  4 ^aนวนิยายจีน^xการแปลเป็นภาษาไทย
653    ^aOpen Your Eyes Project
700 0  ^aน.นพรัตน์,^eผู้แปล
945    ^p260^l0^i009352
999    ^aประนอม เกษจรัล
รายการนี้ยังไม่มีแท็ก
คุณยังไม่ได้ล็อกอิน คุณสามารถมีกิจกรรมร่วมกับเว็บไซต์ได้ แต่ต้องล็อกอินก่อน ::
  ล็อกอิน

รายการสื่อสารสนเทศ

ลำดับที่ ประเภท เลขเรียก/บาร์โค้ด สถานที่ สถานะ
1. นวนิยาย
นวนิยาย
นว ก947ล ล.3 ฉ.1 
  Barcode: 009352
ห้องสมุดวิทยาเขตสวรรค์ประชารักษ์
►หนังสือทั่วไป
บนชั้น

รายการใกล้เคียง
    ผู้แต่ง [โก้วเล้ง]

    หัวเรื่อง [นวนิยายจีนกำลังภายใน]

BibComment


ยังไม่เคยถูกคอมเมนท์

คอมเมนท์ทรัพยากรรายการนี้
  คอมเมนท์: ลูกปลาน้อยเซียวฮ..


 Copyright 2026. Bcnsprnw @Library